Resumen de trabajos realizados por el Servicio de Cultivos Herbáceos ...
Descripción Física:
5 v. : mecanografiats ; 27 cm
MARC
| LEADER | 00000nam a2200000Ia 4500 | ||
|---|---|---|---|
| 001 | 10184, 10185, 10186, 10187, 10188 | ||
| 003 | BGR | ||
| 005 | 20260324175359.0 | ||
| 008 | 160829s1939 - 1958 xx 000 0 cat d | ||
| 080 | |a C-1-163, C-1-164, C-1-165, C-1-166, C-1-167 | ||
| 110 | 1 | |a Barcelona (Catalunya : Província). |b Diputació |b Servei de Cultius Herbacis |9 52408 | |
| 245 | |a Resumen de trabajos realizados por el Servicio de Cultivos Herbáceos ... | ||
| 260 | |a Barcelona : |b Diputación Provincial de Barcelona. Servicios Técnicos de Agricultura, |c 1939 - 1958 | ||
| 300 | |a 5 v. : |b mecanografiats ; |c 27 cm | ||
| 650 | |a Barcelona. Diputació. Servei de Cultius Herbacis |x Memòries |9 30288 | ||
| 710 | 1 | |a Barcelona (Catalunya : Província). |b Servicios Técnicos de Agricultura |9 54614 | |
| 866 | |a 1939-1946 (1), 1947-1950 (2), 1951-1953 (3), 1954-1956 (4), 1957-1958 (5) | ||
| 901 | |a Arxiu | ||
| 942 | |n 1 |2 udc |c MON | ||
| 952 | |0 0 |1 0 |4 0 |6 C1163_C1164_C1165_C1166_C1167 |7 1 |9 45365 |a Arxiu |b Arxiu |d 2016-12-01 |l 0 |o C-1-163, C-1-164, C-1-165, C-1-166, C-1-167 |p 10184, 10185, 10186, |r 2016-12-01 00:00:00 |w 2016-12-01 |y ARXIU | ||
| 999 | |c 48439 |d 48439 | ||